000 00335nam a2200097Ia 4500
008 160725s9999 xx 000 0 und d
100 _aPascual, Maria Isabelle M.
245 _aUnfolding the teaching-learning experience: a critical reflection.
260 _bKaizen Research Journal College of Nursing
_cSeptember 2012
650 _aNURSING
999 _c298020
_d298020